000 01000nam0a22002771 4500
001 rc\4359050
005 20260406081927.0
021 _aRU
_b[58-44346]
035 _a(NLR Aleph) 008282053
090 _a8522579
_c8522579
100 _a20130416d1958 |||y0rusy50 ca
101 0 _arus
102 _aRU
105 _aa z |||a|
200 1 _aСолдатский ножик
_e[Рассказы]
_fРис. И. Гринштейна
210 _aМосква
_cДетгиз
_d1958
215 _a48 с.
_cил.
_d22
225 1 _aШкольная библиотека
_i[Для начальной школы]
700 1 _8rus
_7ca
_aГеоргиевская
_bС.М.
_gСусанна Михайловна
_f1916-1974
_3RU\NLR\AUTH\7746736
_929671
702 1 _4440
_aГринштейн
_bИ. Х.
_f1909-1966
_gИсаак Хацкелевич
_9146078
_3RU\NLR\AUTH\770146114
801 0 _aRU
_bNLR
_gpsbo
801 1 _aRU
_bELAR
_2rusmarc
852 _aNLR
_j58-6/6426
942 _cBOOK
980 _aNB